Asian Capitals With Five Letters - Statistics

General Stats
  • This quiz has been taken 76 times
  • The average score is 6 of 7
Answer Stats
capital % Correct
Seoul
92%
Tokyo
92%
Hanoi
83%
Sana'a
83%
Dhaka
78%
Amman
75%
Kabul
75%
No matching quizzes found
Score Distribution
Percent of People with Each Score
Percentile by Number Answered
Your Score History
You have not taken this quiz